| 000 | 00696nam a22002057a 4500 | ||
|---|---|---|---|
| 999 |
_c21295 _d21295 |
||
| 003 | AR-CdUCM | ||
| 008 | 190327b ||||| |||| 00| 0 spa d | ||
| 020 | _a9786120035535 | ||
| 040 |
_aMUNICIPALIDAD PROVINCIAL DEL CUSCO _cBIBLIOTECA MUNICIPAL DEL CUSCO |
||
| 082 |
_aES/869/C26 _bC26 |
||
| 100 |
_aCarbajal García, Emilio _944462 |
||
| 245 |
_aÑaupa Yachay Chani Hunt'aylla Reqsiry : _baprendiendo el valor de la cultura andina / |
||
| 260 |
_aCusco ; _bLDC, _c2018. |
||
| 300 |
_a123 Páginas ; _c21 cm. |
||
| 500 | _aTexto en idioma Quechua, CAstellano, Inglés. | ||
| 650 |
_aLiteratura infantil _9588 |
||
| 650 |
_aLiteratura cusqueña _944461 |
||
| 942 |
_2ddc _cLIBROS |
||
| 945 | _aRoel | ||